Central Library OPAC University of Rajshahi

Anatomy, regional and applied / (Record no. 75218)

MARC details
000 -LEADER
fixed length control field 00982nam a2200313 a 4500
001 - CONTROL NUMBER
control field 75218
003 - CONTROL NUMBER IDENTIFIER
rucl marc code BD-RjUL
005 - DATE AND TIME OF LATEST TRANSACTION
control field 20211209082648.0
008 - FIXED-LENGTH DATA ELEMENTS--GENERAL INFORMATION
fixed length control field 190202s1978 stka b 001 0 eng
020 ## - INTERNATIONAL STANDARD BOOK NUMBER
International Standard Book Number 0443014558
035 ## - SYSTEM CONTROL NUMBER
System control number (BD-RjUL)75436
040 ## - CATALOGING SOURCE
Original cataloging agency DLC
Transcribing agency DLC
Modifying agency DLC
-- BD-RjUL
Language of cataloging eng
041 ## - LANGUAGE CODE
Language code of text/sound track or separate title eng
060 ## - NATIONAL LIBRARY OF MEDICINE CALL NUMBER
Classification number QS4 L349an
082 00 - DEWEY DECIMAL CLASSIFICATION NUMBER
Edition number 23
Classification number 611
Author mark and year LAA 1978
100 1# - MAIN ENTRY--PERSONAL NAME
Personal name Last, R. J.
Fuller form of name (Raymond Jack)
9 (RLIN) 227619
245 10 - TITLE STATEMENT
Title Anatomy, regional and applied /
Statement of responsibility, etc. R. J. Last.
250 ## - EDITION STATEMENT
Edition statement English : 6th ed., ELBS ed
260 ## - PUBLICATION, DISTRIBUTION, ETC. (IMPRINT)
Place of publication, distribution, etc. Edinburgh ;
-- New York :
Name of publisher, distributor, etc. Churchill Livingstone ;
-- English Language Book Society;
-- distributed by Longman,
Date of publication, distribution, etc. 1978.
300 ## - PHYSICAL DESCRIPTION
Pagination vi, xxiv, 598 p. :
Illustrations ill. ;
Size 25 cm.
500 ## - GENERAL NOTE
General note Includes index.
504 ## - BIBLIOGRAPHY, ETC. NOTE
Bibliography, etc Bibliography: p. [575]-582.
650 #0 - SUBJECT ADDED ENTRY--TOPICAL TERM
Topical term or geographic name as entry element Anatomy, Surgical and topographical.
9 (RLIN) 227620
Topical term or geographic name as entry element Anatomy, Regional.
9 (RLIN) 227621
942 ## - ADDED ENTRY ELEMENTS (KOHA)
Source of classification or shelving scheme Dewey Decimal Classification
Koha item type Books
Holdings
Lost status Source of classification or shelving scheme Damaged status Not for loan Collection code Permanent Location Current Location Shelving location Date acquired Source of acquisition Total Checkouts Full call number Date last seen Copy number Koha item type
  Dewey Decimal Classification   Not For Loan Non-fiction Central Library, University of Rajshahi Central Library, University of Rajshahi Reading Room 21/10/1991 British Council   611 LAA 1978 02/02/2019 C-1 Books